[Event "Vladimir Dvorkovich Mem 2014"]
[Site "Taganrog RUS"]
[Date "2014.01.19"]
[Round "2.12"]
[White "Korchmar, V."]
[Black "Shomoev, A."]
[Result "0-1"]
[WhiteElo "2346"]
[BlackElo "2560"]
[PlyCount "63"]
[EventDate "2014.01.18"]
[EventType "swiss"]
[EventRounds "9"]
[EventCountry "RUS"]
[Source "Mark Crowther"]
[SourceDate "2014.01.27"]

1. d4 Nf6 2. c4 e6 3. g3 c5 4. d5 exd5 5. cxd5 d6 6. Nc3 g6 7. Bg2 Bg7 8. Nf3
O-O 9. O-O Re8 10. Bf4 Na6 11. Re1 Bf5 12. Nh4 Bd7 13. e4 b5 14. Bf3 b4 15. Nb1
c4 16. Nd2 Rc8 17. Bxd6 g5 18. Ng2 g4 19. Be2 Nxe4 20. Bxc4 Nxf2 21. Rxe8+ Bxe8
22. Kxf2 Qxd6 23. Qxg4 Bd7 24. Qf4 Qb6+ 25. Ne3 Nc5 26. Kg2 Bh6 27. Qf3 Re8 28.
Ndf1 Ne4 29. Nf5 Ng5 30. Nxh6+ Qxh6 31. Qf4 Bg4 32. Nd2 0-1

[Event "Vladimir Dvorkovich Mem 2014"]
[Site "Taganrog RUS"]
[Date "2014.01.19"]
[Round "2.13"]
[White "Gabrielian, A."]
[Black "Yuzhakov, O."]
[Result "1/2-1/2"]
[WhiteElo "2555"]
[BlackElo "2345"]
[PlyCount "80"]
[EventDate "2014.01.18"]
[EventType "swiss"]
[EventRounds "9"]
[EventCountry "RUS"]
[Source "Mark Crowther"]
[SourceDate "2014.01.27"]

1. e4 e6 2. d4 d5 3. Nc3 Nf6 4. e5 Nfd7 5. f4 c5 6. Nf3 Nc6 7. Be3 cxd4 8. Nxd4
Qb6 9. Qd2 Qxb2 10. Rb1 Qa3 11. Bb5 Nxd4 12. Bxd4 a6 13. Bxd7+ Bxd7 14. Rb3 Qe7
15. Rxb7 Qh4+ 16. Bf2 Qd8 17. Bb6 Qc8 18. Rc7 Qd8 19. Ke2 Rc8 20. Rxc8 Qxc8 21.
Qd4 Be7 22. Rb1 O-O 23. Kd2 f6 24. g3 fxe5 25. Qxe5 Bf6 26. Qc7 Bxc3+ 27. Kxc3
Qxc7+ 28. Bxc7 Bb5 29. Be5 Rc8+ 30. Kd2 Rc4 31. Rb3 h5 32. a3 Re4 33. Re3 Rxe3
34. Kxe3 Kf7 35. Kd4 g6 36. Kc5 Bf1 37. Kd6 Bc4 38. a4 Bf1 39. a5 Bc4 40. c3
Bf1 1/2-1/2

[Event "Vladimir Dvorkovich Mem 2014"]
[Site "Taganrog RUS"]
[Date "2014.01.19"]
[Round "2.14"]
[White "Pushkov, N."]
[Black "Kovchan, A."]
[Result "0-1"]
[WhiteElo "2344"]
[BlackElo "2554"]
[PlyCount "84"]
[EventDate "2014.01.18"]
[EventType "swiss"]
[EventRounds "9"]
[EventCountry "RUS"]
[Source "Mark Crowther"]
[SourceDate "2014.01.27"]

1. d4 Nf6 2. Nf3 g6 3. Bf4 Bg7 4. e3 O-O 5. h3 d6 6. Be2 Nbd7 7. O-O b6 8. c4
Bb7 9. Nc3 Ne4 10. Nxe4 Bxe4 11. Nd2 Bb7 12. Bf3 Qc8 13. Bxb7 Qxb7 14. Qf3 c6
15. Rfd1 f5 16. Nb3 Rae8 17. Rd2 Nf6 18. Rc2 Ne4 19. Qe2 e5 20. dxe5 dxe5 21.
Bh2 c5 22. Rd1 Rd8 23. f3 Ng5 24. Rcd2 Rxd2 25. Qxd2 e4 26. h4 Nf7 27. Qe2 exf3
28. gxf3 Qe7 29. Bg3 Re8 30. Rd3 Qf6 31. Nc1 Qxb2 32. Qxb2 Bxb2 33. Ne2 Rd8 34.
Nf4 Be5 35. Kf2 Bxf4 36. Rxd8+ Nxd8 37. Bxf4 Kf7 38. Ke2 Ke6 39. Bc7 Nc6 40. a4
Ne5 41. Bxe5 Kxe5 42. Kd3 f4 0-1

[Event "Vladimir Dvorkovich Mem 2014"]
[Site "Taganrog RUS"]
[Date "2014.01.19"]
[Round "2.15"]
[White "Stukopin, A."]
[Black "Mikhailov, Se1"]
[Result "1-0"]
[WhiteElo "2523"]
[BlackElo "2327"]
[PlyCount "39"]
[EventDate "2014.01.18"]
[EventType "swiss"]
[EventRounds "9"]
[EventCountry "RUS"]
[Source "Mark Crowther"]
[SourceDate "2014.01.27"]

1. e4 c5 2. Nf3 d6 3. d4 cxd4 4. Nxd4 Nf6 5. Nc3 a6 6. Be3 Nbd7 7. Be2 b5 8. a4
Bb7 9. axb5 axb5 10. Rxa8 Bxa8 11. Bxb5 Nxe4 12. Nxe4 Bxe4 13. Qg4 Bb7 14. O-O
e5 15. Nc6 Qc7 16. Qc4 g6 17. Ra1 Be7 18. Ra7 Qc8 19. Na5 Qxc4 20. Nxc4 1-0

[Event "Vladimir Dvorkovich Mem 2014"]
[Site "Taganrog RUS"]
[Date "2014.01.19"]
[Round "2.16"]
[White "Lopukhin, A."]
[Black "Papin, V."]
[Result "1/2-1/2"]
[WhiteElo "2327"]
[BlackElo "2510"]
[PlyCount "49"]
[EventDate "2014.01.18"]
[EventType "swiss"]
[EventRounds "9"]
[EventCountry "RUS"]
[Source "Mark Crowther"]
[SourceDate "2014.01.27"]

1. e4 c5 2. Nf3 e6 3. b3 b6 4. Bb2 Bb7 5. Qe2 Nf6 6. e5 Nd5 7. Nc3 Nxc3 8. Bxc3
Be7 9. g3 O-O 10. Bg2 Nc6 11. O-O d5 12. exd6 Qxd6 13. Rad1 Qc7 14. Qc4 Rfc8
15. Rfe1 a6 16. Qg4 Bf8 17. Ng5 h6 18. Nxe6 fxe6 19. Qxe6+ Qf7 20. Qxf7+ Kxf7
21. Bd5+ Kg6 22. Be4+ Kf7 23. Bd5+ Kg6 24. Be4+ Kf7 25. Bd5+ 1/2-1/2

[Event "Vladimir Dvorkovich Mem 2014"]
[Site "Taganrog RUS"]
[Date "2014.01.19"]
[Round "2.17"]
[White "Zakharov, AI."]
[Black "Kornyukov, A."]
[Result "1/2-1/2"]
[WhiteElo "2324"]
[BlackElo "2437"]
[PlyCount "95"]
[EventDate "2014.01.18"]
[EventType "swiss"]
[EventRounds "9"]
[EventCountry "RUS"]
[Source "Mark Crowther"]
[SourceDate "2014.01.27"]

1. e4 c5 2. Nf3 Nc6 3. Bb5 e6 4. O-O Nge7 5. Re1 a6 6. Bf1 Ng6 7. d4 cxd4 8.
Nxd4 Qc7 9. Nc3 Bd6 10. g3 Bc5 11. Be3 O-O 12. f4 Bxd4 13. Bxd4 Nxd4 14. Qxd4
d6 15. Rad1 Rd8 16. e5 d5 17. f5 Nf8 18. f6 b5 19. fxg7 Kxg7 20. Ne4 dxe4 21.
Qxd8 Qxe5 22. Qd6 Qxd6 23. Rxd6 Bb7 24. a4 Rc8 25. axb5 axb5 26. Rb6 Bd5 27. c3
Nd7 28. Rxb5 Ne5 29. Be2 f5 30. Ra1 Kf6 31. Kf2 Bc4 32. Bxc4 Nxc4 33. Ra6 Rd8
34. b3 Nb2 35. Rbb6 Rd2+ 36. Ke1 Rxh2 37. Rxe6+ Kg5 38. Red6 Kg4 39. Rd2 Nd3+
40. Rxd3 exd3 41. Rd6 d2+ 42. Rxd2 Rxd2 43. Kxd2 Kxg3 44. b4 f4 45. b5 f3 46.
b6 f2 47. b7 f1=Q 48. b8=Q+ 1/2-1/2

[Event "Vladimir Dvorkovich Mem 2014"]
[Site "Taganrog RUS"]
[Date "2014.01.19"]
[Round "2.18"]
[White "Kokarev, Dm"]
[Black "Zhdanov, P."]
[Result "1-0"]
[WhiteElo "2625"]
[BlackElo "2010"]
[PlyCount "59"]
[EventDate "2014.01.18"]
[EventType "swiss"]
[EventRounds "9"]
[EventCountry "RUS"]
[Source "Mark Crowther"]
[SourceDate "2014.01.27"]

1. e4 e5 2. Nf3 Nc6 3. Bb5 f5 4. d3 fxe4 5. dxe4 Nf6 6. O-O Bc5 7. Bg5 d6 8.
Nc3 O-O 9. Nd5 Kh8 10. Bc4 Bg4 11. Bxf6 gxf6 12. h3 Bxf3 13. Qxf3 Nd4 14. Qd1
b5 15. Bd3 c6 16. Ne3 Rg8 17. Kh2 Rg6 18. g3 Qd7 19. c3 Ne6 20. Nf5 Rag8 21.
Qe2 Ng7 22. Nh4 Rg5 23. Bc2 Nh5 24. Rg1 a5 25. Rad1 d5 26. Qf3 d4 27. Nf5 Ng7
28. Nh6 Rh5 29. Qg4 f5 30. Nxf5 1-0

[Event "Vladimir Dvorkovich Mem 2014"]
[Site "Taganrog RUS"]
[Date "2014.01.19"]
[Round "2.19"]
[White "Dauletova, G."]
[Black "Volkov, Sergey1"]
[Result "1/2-1/2"]
[WhiteElo "2218"]
[BlackElo "2623"]
[PlyCount "80"]
[EventDate "2014.01.18"]
[EventType "swiss"]
[EventRounds "9"]
[EventCountry "RUS"]
[Source "Mark Crowther"]
[SourceDate "2014.01.27"]

1. e4 e6 2. d4 d5 3. Nc3 Nf6 4. e5 Nfd7 5. f4 c5 6. Nf3 Nc6 7. Be3 Be7 8. Qd2
b6 9. Be2 Bb7 10. O-O O-O 11. Nd1 cxd4 12. Nxd4 Nc5 13. Nf2 a6 14. c3 Qc7 15.
Ng4 Ne4 16. Qe1 Nxd4 17. Bxd4 Bc5 18. Rd1 Qe7 19. Bf3 Rad8 20. Qe3 a5 21. Nf2
Bxd4 22. Rxd4 Nc5 23. Re1 Rfe8 24. Bd1 Kh8 25. Bc2 f6 26. exf6 gxf6 27. Qh3 Qg7
28. Re3 Rg8 29. Rg3 Qe7 30. Ng4 Rg7 31. Qh4 Rf8 32. Re3 Ne4 33. Re1 Rfg8 34.
Ne3 Bc6 35. Bxe4 dxe4 36. Rdd1 b5 37. Rd2 b4 38. c4 Rg6 39. Qh5 f5 40. b3 Qa7
1/2-1/2

[Event "Vladimir Dvorkovich Mem 2014"]
[Site "Taganrog RUS"]
[Date "2014.01.19"]
[Round "2.20"]
[White "Bocharov, D."]
[Black "Dmitriev, Ig"]
[Result "1-0"]
[WhiteElo "2602"]
[BlackElo "2298"]
[PlyCount "89"]
[EventDate "2014.01.18"]
[EventType "swiss"]
[EventRounds "9"]
[EventCountry "RUS"]
[Source "Mark Crowther"]
[SourceDate "2014.01.27"]

1. d4 Nf6 2. c4 Nc6 3. Nf3 d6 4. Nc3 e5 5. g3 Bg4 6. Bg2 Qc8 7. d5 Ne7 8. h3
Bd7 9. c5 Ng6 10. cxd6 Bxd6 11. Bg5 O-O 12. Rc1 Ne8 13. h4 f5 14. h5 Nh8 15. e4
h6 16. Be3 Nf6 17. exf5 Bxf5 18. Nd2 Nf7 19. Qa4 Be7 20. Nb5 Bd7 21. Qb3 Bxb5
22. Qxb5 Nd6 23. Qe2 Qe8 24. Rxc7 Bd8 25. Rc2 Bb6 26. Nc4 Nxc4 27. Rxc4 Bxe3
28. Qxe3 Qb5 29. Qb3 Qxb3 30. axb3 Rad8 31. O-O Nxd5 32. Re1 Nb6 33. Rc2 Rf5
34. Bxb7 Rxh5 35. Be4 Rg5 36. Rc7 Rd7 37. Rec1 Rd4 38. Bg2 h5 39. Rxa7 h4 40.
Rb7 Nd7 41. gxh4 Rxh4 42. Rc4 Rh6 43. Rxd7 Rhg6 44. Rd8+ Kf7 45. Rc7+ 1-0

[Event "Vladimir Dvorkovich Mem 2014"]
[Site "Taganrog RUS"]
[Date "2014.01.19"]
[Round "2.21"]
[White "Esipenko, Andrey"]
[Black "Bukavshin, I."]
[Result "0-1"]
[WhiteElo "2289"]
[BlackElo "2578"]
[PlyCount "74"]
[EventDate "2014.01.18"]
[EventType "swiss"]
[EventRounds "9"]
[EventCountry "RUS"]
[Source "Mark Crowther"]
[SourceDate "2014.01.27"]

1. d4 g6 2. c4 Bg7 3. Nc3 c5 4. d5 d6 5. e4 Nf6 6. f3 O-O 7. Be3 Nbd7 8. Nge2
Ne5 9. Ng3 a6 10. Be2 e6 11. O-O exd5 12. cxd5 b5 13. Qd2 Re8 14. Rac1 Rb8 15.
b3 Qa5 16. Rfd1 Bd7 17. Bh6 Bh8 18. Bg5 b4 19. Qf4 Qd8 20. Nb1 Bb5 21. Qh4 Ned7
22. Nd2 Qa5 23. Rc2 h5 24. Bf4 Ne5 25. Nc4 Bxc4 26. Bxc4 Nh7 27. Nf1 Nxc4 28.
bxc4 Qa4 29. Rdc1 Qd7 30. Qg3 a5 31. Ne3 Bg7 32. h4 Rb6 33. Re2 a4 34. Nd1 b3
35. axb3 axb3 36. e5 dxe5 37. Bxe5 b2 0-1

[Event "Vladimir Dvorkovich Mem 2014"]
[Site "Taganrog RUS"]
[Date "2014.01.19"]
[Round "2.22"]
[White "Kharchenko, B."]
[Black "Sarana, A."]
[Result "1-0"]
[WhiteElo "2494"]
[BlackElo "2283"]
[PlyCount "79"]
[EventDate "2014.01.18"]
[EventType "swiss"]
[EventRounds "9"]
[EventCountry "RUS"]
[Source "Mark Crowther"]
[SourceDate "2014.01.27"]

1. e4 c5 2. Nf3 d6 3. c3 Nf6 4. Qc2 Qc7 5. h3 a6 6. Be2 g6 7. O-O Bg7 8. d3 O-O
9. a4 b6 10. Nbd2 Bb7 11. Re1 Rc8 12. Bf1 Nc6 13. Nc4 b5 14. Na3 Qd7 15. Qb1
Nd8 16. Bd2 Rab8 17. axb5 axb5 18. b4 Ba8 19. bxc5 dxc5 20. Bf4 Rb6 21. Nc4 Re6
22. Nce5 Qb7 23. Ra5 b4 24. cxb4 cxb4 25. Nd4 Rd6 26. Rb5 Qa7 27. Ndf3 Ne6 28.
Be3 Qa3 29. Nc4 Rxc4 30. dxc4 Bxe4 31. Qxb4 Qxb4 32. Rxb4 Bxf3 33. Rb8+ Bf8 34.
gxf3 Nd7 35. Re8 Nd4 36. Bxd4 Rxd4 37. c5 Kg7 38. c6 Nb6 39. Rb8 Nd5 40. Rd8
1-0

[Event "Vladimir Dvorkovich Mem 2014"]
[Site "Taganrog RUS"]
[Date "2014.01.19"]
[Round "2.23"]
[White "Yuffa, D."]
[Black "Hudyakov, S."]
[Result "1-0"]
[WhiteElo "2373"]
[BlackElo "2094"]
[PlyCount "153"]
[EventDate "2014.01.18"]
[EventType "swiss"]
[EventRounds "9"]
[EventCountry "RUS"]
[Source "Mark Crowther"]
[SourceDate "2014.01.27"]

1. Nf3 d5 2. c4 e6 3. d4 Nf6 4. g3 Be7 5. Bg2 O-O 6. O-O dxc4 7. Ne5 Nc6 8.
Bxc6 bxc6 9. Nxc6 Qd6 10. Nxe7+ Qxe7 11. Qc2 c5 12. Qxc4 cxd4 13. Qxd4 Rd8 14.
Qh4 Rb8 15. Nc3 Rb4 16. e4 Bb7 17. a3 Rc4 18. Bg5 h6 19. Bxf6 Qxf6 20. Qxf6
gxf6 21. Rad1 Rcd4 22. f3 Rd2 23. Rxd2 Rxd2 24. Rf2 Rd3 25. Kf1 f5 26. exf5
Bxf3 27. fxe6 fxe6 28. Ke1 Bg4 29. Rf4 h5 30. Rc4 Rd7 31. b4 Kf7 32. a4 e5 33.
b5 Bf3 34. Kf2 Bh1 35. Ke3 Ke6 36. a5 Bg2 37. Ne4 Kf5 38. Nd2 Rd5 39. Rb4 Rc5
40. b6 axb6 41. axb6 Bb7 42. Rb3 Rc2 43. h3 Rc5 44. Nf3 Ra5 45. Ne1 Ra2 46. Rb5
Ra3+ 47. Nd3 Kf6 48. Kd2 Ra2+ 49. Rb2 Ra5 50. Kc3 e4 51. Nf4 Re5 52. Ra2 Rb5
53. Rb2 Re5 54. Rd2 e3 55. Rd7 Bf3 56. Nd3 e2 57. Rf7+ Ke6 58. Rxf3 e1=Q+ 59.
Nxe1 Rxe1 60. Kc4 Kd7 61. Rb3 Kc8 62. b7+ Kb8 63. Kd4 Rh1 64. h4 Re1 65. Rb5
Rg1 66. Rg5 Kxb7 67. Ke5 Kc6 68. Kf5 Kd6 69. Kg6 Ke6 70. Kxh5 Kf6 71. g4 Ra1
72. Rg6+ Kf7 73. g5 Ra4 74. Rb6 Ra7 75. Kh6 Ra8 76. g6+ Kg8 77. h5 1-0

[Event "Vladimir Dvorkovich Mem 2014"]
[Site "Taganrog RUS"]
[Date "2014.01.19"]
[Round "2.25"]
[White "Bykov, Egor"]
[Black "Vlasenko, A."]
[Result "1-0"]
[WhiteElo "2089"]
[BlackElo "2319"]
[PlyCount "65"]
[EventDate "2014.01.18"]
[EventType "swiss"]
[EventRounds "9"]
[EventCountry "RUS"]
[Source "Mark Crowther"]
[SourceDate "2014.01.27"]

1. d4 Nf6 2. Nf3 e6 3. c4 Bb4+ 4. Bd2 a5 5. Bxb4 axb4 6. Nbd2 d6 7. e3 O-O 8.
Bd3 Nbd7 9. a3 bxa3 10. Qb3 e5 11. Rxa3 Rxa3 12. Qxa3 Re8 13. dxe5 dxe5 14. Bc2
e4 15. Nd4 c5 16. Nb5 Ng4 17. Nd6 Re6 18. N2xe4 f5 19. Nxf5 Ra6 20. Qd3 Ra1+
21. Bb1 Rxb1+ 22. Qxb1 Nde5 23. Nfd6 Qh4 24. Nxc8 Nxe3 25. g3 Ng2+ 26. Kf1 Qh3
27. Ng5 Ne3+ 28. Ke2 Qh5+ 29. Kxe3 Qxg5+ 30. f4 Nxc4+ 31. Kf2 Qd8 32. Qd1 Nd2
33. Ke2 1-0

[Event "Vladimir Dvorkovich Mem 2014"]
[Site "Taganrog RUS"]
[Date "2014.01.19"]
[Round "2.26"]
[White "Golubov, Saveliy"]
[Black "Sipetin, Vladislav"]
[Result "1-0"]
[WhiteElo "2307"]
[BlackElo "2069"]
[PlyCount "57"]
[EventDate "2014.01.18"]
[EventType "swiss"]
[EventRounds "9"]
[EventCountry "RUS"]
[Source "Mark Crowther"]
[SourceDate "2014.01.27"]

1. e4 e6 2. d4 d5 3. Nc3 Nf6 4. Bg5 Be7 5. e5 Nfd7 6. h4 Bxg5 7. hxg5 Qxg5 8.
Nh3 Qe7 9. Qg4 g6 10. Nf4 a6 11. O-O-O c5 12. dxc5 Nc6 13. Qg3 Ncxe5 14. b4 a5
15. Bb5 Kf8 16. Nfxd5 exd5 17. Nxd5 Qe6 18. Bxd7 Nxd7 19. Nc7 Qxa2 20. Qc3 f6
21. Nxa8 axb4 22. Qxb4 Qa1+ 23. Kd2 Qxa8 24. c6+ Kf7 25. Ra1 Qb8 26. Qc4+ Ke7
27. c7 Ne5 28. cxb8=Q Nxc4+ 29. Kc3 1-0

[Event "Vladimir Dvorkovich Mem 2014"]
[Site "Taganrog RUS"]
[Date "2014.01.19"]
[Round "2.27"]
[White "Bogdanov, R."]
[Black "Rjabzev, K."]
[Result "0-1"]
[WhiteElo "2048"]
[BlackElo "2304"]
[PlyCount "84"]
[EventDate "2014.01.18"]
[EventType "swiss"]
[EventRounds "9"]
[EventCountry "RUS"]
[Source "Mark Crowther"]
[SourceDate "2014.01.27"]

1. b3 e5 2. Bb2 Nc6 3. e3 Nf6 4. Bb5 Bd6 5. Nc3 O-O 6. g4 a6 7. Bf1 Bb4 8. g5
Bxc3 9. dxc3 Ne4 10. h4 d5 11. c4 Qe7 12. Qc1 d4 13. a3 Bf5 14. Bg2 d3 15. Bxe4
Bxe4 16. f3 Rad8 17. cxd3 Bxd3 18. Qc3 Qc5 19. Kf2 Bf5 20. b4 Qb6 21. Re1 Rd3
22. Qc1 Rfd8 23. Bc3 Be6 24. Ne2 Bxc4 25. Ng3 a5 26. bxa5 Qb3 27. Ne2 R8d5 28.
h5 Ba6 29. h6 Rc5 30. g6 fxg6 31. e4 Rcxc3 32. Nxc3 Rxc3 33. Qd1 Qxd1 34. Rxd1
Nd4 35. hxg7 Rxf3+ 36. Kg2 Rxa3 37. Rc1 Ra2+ 38. Kh3 c6 39. Kh4 Kxg7 40. Kg4
Be2+ 41. Kh4 g5+ 42. Kxg5 Ne6+ 0-1

[Event "Vladimir Dvorkovich Mem 2014"]
[Site "Taganrog RUS"]
[Date "2014.01.19"]
[Round "2.28"]
[White "Iliushkin, E."]
[Black "Sazonova, A."]
[Result "1-0"]
[WhiteElo "2302"]
[BlackElo "2042"]
[PlyCount "111"]
[EventDate "2014.01.18"]
[EventType "swiss"]
[EventRounds "9"]
[EventCountry "RUS"]
[Source "Mark Crowther"]
[SourceDate "2014.01.27"]

1. c4 g6 2. Nf3 Bg7 3. d4 Nf6 4. Nc3 O-O 5. e4 d6 6. Be2 e5 7. dxe5 dxe5 8.
Qxd8 Rxd8 9. Bg5 Nbd7 10. O-O-O Rf8 11. Ne1 Nc5 12. f3 Ne6 13. Be3 c6 14. Nd3
Nd7 15. Rd2 Re8 16. Kb1 Bf8 17. Rc1 Nec5 18. Ne1 a5 19. b3 Ne6 20. Nd3 Be7 21.
g3 Nec5 22. Kb2 Nxd3+ 23. Rxd3 Bc5 24. Na4 Bxe3 25. Rxe3 Nf8 26. c5 Ne6 27. Nb6
Rb8 28. Nc4 Ra8 29. Nxe5 Nd4 30. Nc4 Ne6 31. Nd6 Rd8 32. Bc4 b5 33. Bxe6 Bxe6
34. a3 a4 35. b4 Bb3 36. Rce1 Kf8 37. Kc3 Ke7 38. R3e2 Rd7 39. Rd2 Rad8 40. Re3
Be6 41. Rd1 f6 42. Kd2 Bb3 43. Ree1 Bg8 44. Ke3 Bb3 45. Rd4 Kf8 46. Re2 Bg8 47.
Red2 Be6 48. Nb7 Rxd4 49. Nxd8 Rxd2 50. Nxe6+ Ke7 51. Kxd2 Kxe6 52. f4 g5 53.
Ke3 h6 54. h3 h5 55. Kd4 Ke7 56. fxg5 1-0

[Event "Vladimir Dvorkovich Mem 2014"]
[Site "Taganrog RUS"]
[Date "2014.01.19"]
[Round "2.29"]
[White "Gunchenko, Vadim"]
[Black "Nakhbayeva, G."]
[Result "1-0"]
[WhiteElo "2032"]
[BlackElo "2287"]
[PlyCount "61"]
[EventDate "2014.01.18"]
[EventType "swiss"]
[EventRounds "9"]
[EventCountry "RUS"]
[Source "Mark Crowther"]
[SourceDate "2014.01.27"]

1. d4 Nf6 2. c4 e6 3. Nf3 d5 4. Bg5 Bb4+ 5. Nc3 h6 6. Bh4 dxc4 7. e3 b5 8. a4
c6 9. Ne5 Qa5 10. Qc1 Ne4 11. axb5 Qxb5 12. Bxc4 Qb6 13. O-O Nxc3 14. bxc3 Bd6
15. f4 O-O 16. Qd1 Qc7 17. Qg4 Be7 18. Bxe7 Qxe7 19. e4 a5 20. f5 exf5 21. exf5
Qf6 22. Qe4 Nd7 23. Nxc6 Nb6 24. Bd3 a4 25. Rab1 Nd7 26. Ne7+ Kh8 27. Qxa8 Qxe7
28. Qe4 Qd8 29. f6 g6 30. Qe7 Qc7 31. Bb5 1-0

[Event "Vladimir Dvorkovich Mem 2014"]
[Site "Taganrog RUS"]
[Date "2014.01.19"]
[Round "2.30"]
[White "Davletbayeva, M."]
[Black "Shamugia, Panteley"]
[Result "1-0"]
[WhiteElo "2286"]
[BlackElo "1961"]
[PlyCount "91"]
[EventDate "2014.01.18"]
[EventType "swiss"]
[EventRounds "9"]
[EventCountry "RUS"]
[Source "Mark Crowther"]
[SourceDate "2014.01.27"]

1. e4 e6 2. d4 d5 3. e5 c5 4. c3 Nc6 5. Nf3 Nge7 6. Bd3 Bd7 7. O-O Ng6 8. Be3
Qb6 9. b3 Rc8 10. a3 cxd4 11. cxd4 Be7 12. b4 O-O 13. h4 Qd8 14. h5 Nh4 15.
Nxh4 Bxh4 16. Nd2 f5 17. g3 Bg5 18. f4 Bh6 19. Nf3 a6 20. Ra2 Ne7 21. Bd2 Qb6
22. Be1 Bb5 23. Bxb5 Qxb5 24. a4 Qc4 25. Rff2 Qc1 26. Qb3 Qc4 27. Qb1 Qc1 28.
Qb3 Qc4 29. Qb1 Qc1 30. Qxc1 Rxc1 31. Rfc2 Rc8 32. Rxc1 Rxc1 33. Kf2 g6 34.
hxg6 hxg6 35. Bd2 Rc4 36. b5 axb5 37. axb5 b6 38. Ra7 Nc8 39. Rb7 Kf8 40. Ke3
Kg8 41. Kd3 Kf8 42. Nh4 Ne7 43. Rxb6 Kf7 44. Rb7 Ke8 45. b6 Kd8 46. Rxe7 1-0

[Event "Vladimir Dvorkovich Mem 2014"]
[Site "Taganrog RUS"]
[Date "2014.01.19"]
[Round "2.31"]
[White "Kovalchuk, Al RUS"]
[Black "Yakimenko, Viktoria"]
[Result "1/2-1/2"]
[WhiteElo "2276"]
[BlackElo "1935"]
[PlyCount "135"]
[EventDate "2014.01.18"]
[EventType "swiss"]
[EventRounds "9"]
[EventCountry "RUS"]
[Source "Mark Crowther"]
[SourceDate "2014.01.27"]

1. e4 c5 2. Nf3 Nc6 3. Bb5 Nf6 4. Bxc6 dxc6 5. d3 Bg4 6. Nbd2 e6 7. O-O Be7 8.
a4 O-O 9. b3 Nd7 10. Qe1 e5 11. h3 Be6 12. Bb2 Qc7 13. Qe2 Rfe8 14. Nh2 Nf8 15.
Ng4 Ng6 16. Qf3 Bg5 17. Rad1 h5 18. Ne3 Nf4 19. h4 Bxh4 20. g3 Nh3+ 21. Kh2 Bf6
22. Qxh5 g6 23. Qe2 Kg7 24. Kg2 Ng5 25. Rh1 Rh8 26. Ng4 Bxg4 27. Qxg4 Ne6 28.
Nc4 Nd4 29. Ne3 Qc8 30. Rxh8 Qxg4 31. Nxg4 Rxh8 32. f4 exf4 33. gxf4 Be7 34. b4
Rh4 35. Kg3 f5 36. Ne3 Kf7 37. Bxd4 cxd4 38. Nc4 g5 39. fxg5 Rg4+ 40. Kf3 Rxg5
41. Rb1 Ke6 42. b5 fxe4+ 43. Kxe4 Bf6 44. bxc6 bxc6 45. Rb7 Rg4+ 46. Kf3 Rg7
47. Rb1 Kd5 48. Rb2 Rf7 49. Kg4 Bg7 50. Kg3 Bf8 51. Rb1 Bd6+ 52. Kg2 Rg7+ 53.
Kf3 Rf7+ 54. Kg4 Rf4+ 55. Kg5 Rf2 56. Rb2 Bf4+ 57. Kg4 Bc1 58. Rb7 Rxc2 59.
Rxa7 Rc3 60. Rd7+ Kc5 61. Ne5 Ra3 62. Rc7 Kd6 63. Rxc6+ Kxe5 64. Rxc1 Rxa4 65.
Re1+ Kd5 66. Kf4 Ra2 67. Re5+ Kd6 68. Rh5 1/2-1/2

[Event "Vladimir Dvorkovich Mem 2014"]
[Site "Taganrog RUS"]
[Date "2014.01.19"]
[Round "2.32"]
[White "Aivazian, Grigory"]
[Black "Taysayev, T."]
[Result "1/2-1/2"]
[WhiteElo "1981"]
[BlackElo "2233"]
[PlyCount "101"]
[EventDate "2014.01.18"]
[EventType "swiss"]
[EventRounds "9"]
[EventCountry "RUS"]
[Source "Mark Crowther"]
[SourceDate "2014.01.27"]

1. e4 d5 2. exd5 Nf6 3. d4 Bg4 4. Nf3 Qxd5 5. Be2 Nc6 6. h3 Bxf3 7. Bxf3 Qe6+
8. Be3 O-O-O 9. c3 Ne5 10. O-O Nxf3+ 11. Qxf3 Qd5 12. Qxd5 Nxd5 13. Nd2 e5 14.
Nf3 exd4 15. Bxd4 c5 16. Be5 f6 17. Bh2 Bd6 18. Bxd6 Rxd6 19. Rad1 Rhd8 20. g3
Nxc3 21. Rxd6 Ne2+ 22. Kg2 Rxd6 23. Re1 Nd4 24. Re8+ Kc7 25. Nd2 Rd8 26. Re7+
Rd7 27. Re8 b5 28. Ne4 c4 29. g4 b4 30. Ra8 Nb5 31. f4 c3 32. bxc3 bxc3 33.
Nxc3 Kb7 34. Rh8 Nxc3 35. Rxh7 Nxa2 36. h4 Nc3 37. h5 Nd5 38. Kf3 Re7 39. g5 f5
40. Rh8 Re3+ 41. Kf2 Rh3 42. Rh7 Nxf4 43. h6 Ne6 44. hxg7 Rxh7 45. g8=Q Re7 46.
g6 Kc7 47. Qa8 Kd6 48. Qb8+ Rc7 49. Qb4+ Ke5 50. Qb2+ Nd4 51. Qxd4+ 1/2-1/2

[Event "Vladimir Dvorkovich Mem 2014"]
[Site "Taganrog RUS"]
[Date "2014.01.19"]
[Round "2.33"]
[White "Kudelya, I."]
[Black "Yakimenko, Anastasia"]
[Result "1-0"]
[WhiteElo "2232"]
[BlackElo "1927"]
[PlyCount "77"]
[EventDate "2014.01.18"]
[EventType "swiss"]
[EventRounds "9"]
[EventCountry "RUS"]
[Source "Mark Crowther"]
[SourceDate "2014.01.27"]

1. e4 e5 2. Nf3 Nc6 3. Bb5 f5 4. d3 fxe4 5. dxe4 Nf6 6. O-O d6 7. Bg5 Be6 8.
Nc3 a6 9. Ba4 h6 10. Bxf6 Qxf6 11. Nd5 Qd8 12. Qd3 Bf7 13. Nb4 Be7 14. Nxc6
bxc6 15. Bxc6+ Kf8 16. Bxa8 Qxa8 17. Nd2 g5 18. Nc4 h5 19. Ne3 Qc8 20. b4 g4
21. f4 Bf6 22. Nd5 Bg7 23. Rad1 exf4 24. Rxf4 Be5 25. Rf5 Kg7 26. Rdf1 Bg6 27.
Ne7 Qd8 28. Nxg6 Kxg6 29. Qc4 Qe8 30. Qxa6 Bd4+ 31. Kh1 Qxe4 32. Qc4 Qxf5 33.
Rxf5 Kxf5 34. Qxd4 Re8 35. Kg1 Re4 36. Qd3 Ke5 37. a4 Rxb4 38. Qc3+ Rd4 39. a5
1-0

[Event "Vladimir Dvorkovich Mem 2014"]
[Site "Taganrog RUS"]
[Date "2014.01.19"]
[Round "2.34"]
[White "Dida, Igor"]
[Black "Travkina, A."]
[Result "0-1"]
[WhiteElo "1956"]
[BlackElo "2227"]
[PlyCount "75"]
[EventDate "2014.01.18"]
[EventType "swiss"]
[EventRounds "9"]
[EventCountry "RUS"]
[Source "Mark Crowther"]
[SourceDate "2014.01.27"]

1. c4 e6 2. e4 d5 3. e5 dxc4 4. Bxc4 Bc5 5. Nf3 Nc6 6. O-O Nge7 7. Nc3 a6 8.
Ne4 Ba7 9. a4 Ng6 10. b3 Ncxe5 11. Nxe5 Nxe5 12. Ba3 Qh4 13. Qc2 Bd7 14. Be2
Bc6 15. d3 h5 16. g3 Qh3 17. Rfc1 Ng4 18. Bf3 Qxh2+ 19. Kf1 O-O-O 20. Bc5 Bxe4
21. Bxe4 Bxc5 22. Qxc5 Rd7 23. Qa7 Kd8 24. Ke2 b6 25. Rf1 Ke7 26. Rac1 Rhd8 27.
Rxc7 h4 28. Qxb6 hxg3 29. Qc5+ Kf6 30. Rxd7 Rxd7 31. Qc3+ Ne5 32. Qc1 Qh5+ 33.
f3 Qh2+ 34. Ke3 g2 35. Rg1 Rc7 36. Qd1 Qg3 37. Qe2 Ng4+ 38. Kd2 0-1